Telmányi Emil a Tiszában ad hangversenyt
Elmentve itt :
| Dokumentumtípus: | Cikk |
|---|---|
| Megjelent: |
1926-03-14
|
| Sorozat: | Délmagyarország
2 No. 9 |
| Kulcsszavak: | Telmányi Emil, Zenei élet hangverseny Szeged 1926, zeneélet |
| Online Access: | http://dmarchiv.bibl.u-szeged.hu/75840 |
| LEADER | 00457nab a2200145 i 4500 | ||
|---|---|---|---|
| 001 | delm75840 | ||
| 005 | 20180928084404.0 | ||
| 008 | 180928s1926 hu o 0|| hun d | ||
| 040 | |a SZTE Délmagyarország Archívum |b hun | ||
| 041 | |a hun | ||
| 245 | 0 | 0 | |a Telmányi Emil a Tiszában ad hangversenyt |h [elektronikus dokumentum] |
| 260 | |c 1926-03-14 | ||
| 300 | |a 9 | ||
| 490 | 0 | |a Délmagyarország |v 2 No. 9 | |
| 695 | |a Telmányi Emil, Zenei élet hangverseny Szeged 1926, zeneélet | ||